| 000 | 00456cam a2200193ua 4500 | ||
|---|---|---|---|
| 001 | 5744 | ||
| 005 | 20260515113930.0 | ||
| 008 | 131009n ii |||gr||||Z||||||eng | ||
| 040 | _cMAIN | ||
| 082 | _a954 | ||
| 100 | 1 |
_aKhurana,K.L, _eAuthor. |
|
| 245 | 1 | 1 |
_aModern India _cby K.L.Khurana |
| 250 | _a3rd ed. | ||
| 260 |
_aAgra: _bLaxmi Narain Agarwal, _c1997-98. |
||
| 300 | _a344p. | ||
| 653 | _aSouth Asia India | ||
| 653 | _aModern India | ||
| 942 | _cBK | ||
| 999 |
_c4897 _d4897 |
||